Minnesota foreign corporation act.

Saved in:
Bibliographic Details
Corporate Authors: Minnesota., Minnesota. Secretary of State.
Format: Book
Language:English
Published: [St. Paul] Secretary of State [1935, i.e., 1951?].
Subjects:
Tags: Add Tag
No Tags, Be the first to tag this record!
LEADER 00657nam a2200229K 4500
001 003473271-3
005 20020606093309.7
008 930414s1951 mnu s000 0 eng d
035 0 |a ocm27919004 
040 |a MHS  |c MHS  |d HVL 
043 |a n-us-mn 
090 |a HD2779.M6  |b A51 1951 
110 1 |a Minnesota. 
245 1 0 |a Minnesota foreign corporation act. 
260 |a [St. Paul]  |b Secretary of State  |c [1935, i.e., 1951?]. 
300 |a 23 p.  |c 23 cm. 
500 |a Includes 1951 amendments. 
650 0 |a Corporations, Foreign  |z Minnesota. 
650 0 |a Corporation law  |z Minnesota. 
710 1 |a Minnesota.  |b Secretary of State. 
988 |a 20020608 
906 |0 OCLC